[Event "Klatovy op-C 29th"]
[Site "Klatovy"]
[Date "2023.07.07"]
[Round "7"]
[White "Sibl, Vaclav"]
[Black "Rezny, Frantisek"]
[Result "1-0"]
[WhiteElo "1840"]
[BlackElo "1476"]
[PlyCount "49"]
[EventDate "2023.07.01"]
[EventType "swiss"]
[EventRounds "9"]
[EventCountry "CZE"]
[SourceTitle "CBM 215 Extra"]
[Source "ChessBase"]
[SourceDate "2023.09.30"]
[SourceVersion "1"]
[SourceVersionDate "2023.09.30"]
[SourceQuality "1"]

1. d4 d5 2. Bf4 Nf6 3. e3 e6 4. Nf3 c5 5. Nbd2 cxd4 6. exd4 Be7 7. c3 0-0 8. Bd3 Nbd7 9. Ne5 Bd6 10. Nxf7 Rxf7 11. Bxd6 Nf8 12. Be5 Ng6 13. Bxg6 hxg6 14. Qc2 Ng4 15. Nf3 Qf8 16. h3 Nxe5 17. Nxe5 Rf6 18. Nxg6 Qf7 19. Ne5 Qh5 20. Qe2 Qe8 21. 0-0 Bd7 22. Qe3 Bb5 23. Rfe1 Qe7 24. b3 Raf8 25. f3 1-0

[Event "CZE-ch Seniors 60"]
[Site "Rychnov nad Kneznou"]
[Date "2015.08.17"]
[Round "3"]
[White "Sibl, Vaclav"]
[Black "Novotny, Josef"]
[Result "1/2-1/2"]
[WhiteElo "1936"]
[BlackElo "2150"]
[PlyCount "75"]
[EventDate "2015.08.15"]
[EventType "swiss"]
[EventRounds "9"]
[EventCountry "CZE"]
[SourceTitle "EXT 2016"]
[Source "ChessBase"]
[SourceDate "2015.10.08"]
[SourceVersion "1"]
[SourceVersionDate "2015.10.08"]
[SourceQuality "1"]

1. d4 e6 2. Bf4 d6 3. e3 g6 4. Nf3 f6 5. h3 Nh6 6. c4 Bg7 7. Nc3 0-0 8. Be2 Nc6 9. 0-0 g5 10. Bh2 f5 11. d5 Nb4 12. Qb3 Na6 13. dxe6 Nc5 14. Qc2 Bxe6 15. Nd4 Bd7 16. b4 Na6 17. b5 Nc5 18. Rad1 g4 19. hxg4 Nxg4 20. Bg3 Qg5 21. Bf4 Qh5 22. Nf3 Ne6 23. Nd5 Kh8 24. Bg3 Rf7 25. Nh2 Rg8 26. Nxg4 fxg4 27. Nf4 Nxf4 28. Bxf4 Be5 29. Bxe5+ dxe5 30. Qe4 Rg6 31. g3 Rf3 32. Bxf3 Rh6 33. Rfe1 Qh2+ 34. Kf1 gxf3 35. Qxf3 Qh3+ 36. Qg2 Qg4 37. Qd5 Qh3+ 38. Qg2 1/2-1/2

[Event "Regionalliga NW 1314"]
[Site "Bayern"]
[Date "2013.10.13"]
[Round "1.4"]
[White "Mittag, Ralf"]
[Black "Sibl, Vaclav"]
[Result "1-0"]
[WhiteElo "2123"]
[BlackElo "1918"]
[PlyCount "95"]
[EventDate "2013.10.13"]
[EventType "team-tourn"]
[EventRounds "9"]
[EventCountry "GER"]
[SourceTitle "EXT 2015"]
[Source "ChessBase"]
[SourceDate "2014.11.20"]
[SourceVersion "1"]
[SourceVersionDate "2014.11.20"]
[SourceQuality "1"]
[WhiteTeam "Bamberg"]
[BlackTeam "Thiersheim"]
[WhiteTeamCountry "GER"]
[BlackTeamCountry "GER"]

1. e4 d6 2. d4 Nf6 3. Nc3 e5 4. Nf3 Nbd7 5. Bc4 Be7 6. 0-0 0-0 7. Re1 c6 8. a4 a5 9. h3 Qc7 10. Bg5 h6 11. Bh4 Re8 12. Bg3 Bf8 13. Rb1 Qb6 14. Qd3 exd4 15. Qxd4 Qxd4 16. Nxd4 Ne5 17. Bb3 Nh5 18. Bh2 g5 19. Rbd1 Nf4 20. h4 Bg4 21. f3 Bh5 22. Kf2 Rad8 23. g4 Bg6 24. h5 Bh7 25. Rd2 Be7 26. Red1 Rd7 27. Bxf4 gxf4 28. Nde2 Red8 29. Nxf4 Bh4+ 30. Kg2 Bg5 31. Kg3 Kg7 32. Re2 Bxf4+ 33. Kxf4 f6 34. Be6 Re7 35. Bf5 Bg8 36. b3 Be6 37. Red2 Nf7 38. Kg3 Bxf5 39. gxf5 Kh7 40. Ne2 Rg8+ 41. Kf2 Rg5 42. Nf4 Re8 43. c4 b6 44. Rh1 Reg8 45. Ng6 d5 46. f4 Rg4 47. Kf3 Ne5+ 48. fxe5 1-0

[Event "Trebic Highlands op 09th"]
[Site "Trebic"]
[Date "2013.09.22"]
[Round "2"]
[White "Volodin, Viktor Nikolaevich"]
[Black "Sibl, Vaclav"]
[Result "1-0"]
[WhiteElo "2177"]
[BlackElo "1978"]
[PlyCount "107"]
[EventDate "2013.09.21"]
[EventType "swiss"]
[EventRounds "9"]
[EventCountry "CZE"]
[SourceTitle "CBM 156 Extra"]
[Source "ChessBase"]
[SourceDate "2013.10.22"]
[SourceVersion "1"]
[SourceVersionDate "2013.10.22"]
[SourceQuality "1"]

1. Nf3 d6 2. d4 Bg4 3. c4 Nf6 4. Qb3 Qc8 5. h3 Bh5 6. g3 Nbd7 7. Bg2 c6 8. 0-0 e5 9. e3 Be7 10. Nc3 0-0 11. Bd2 Bg6 12. Rfd1 h6 13. Rac1 Re8 14. a3 Qb8 15. Qa2 a5 16. b3 Bh7 17. Kh2 Bf8 18. Qb2 Qc7 19. Ng1 Qb6 20. Be1 Bg6 21. f3 Bh7 22. Bf2 exd4 23. Na4 Qa7 24. Rxd4 Qb8 25. e4 Nc5 26. Nxc5 dxc5 27. Rd3 Qc7 28. Rcd1 Rad8 29. Ne2 Rxd3 30. Rxd3 Bd6 31. Qd2 Be7 32. Nc3 b6 33. f4 Rd8 34. Rxd8+ Bxd8 35. e5 Ne8 36. Ne4 Be7 37. g4 Kf8 38. Bg3 Bxe4 39. Bxe4 b5 40. Qg2 bxc4 41. bxc4 Qb7 42. Bxc6 Qb6 43. h4 Nc7 44. f5 Qb3 45. e6 Qb6 46. exf7 Kxf7 47. Kh3 Bf6 48. Bd6 Bd4 49. g5 hxg5 50. hxg5 Kg8 51. Kg4 a4 52. Bd5+ Nxd5 53. Qxd5+ Kh7 54. g6+ 1-0

[Event "Jirasek Memorial op 25th"]
[Site "Rakovnik"]
[Date "2013.08.14"]
[Round "6"]
[White "Sibl, Vaclav"]
[Black "Cabart, Pavel"]
[Result "1-0"]
[WhiteElo "1948"]
[BlackElo "1836"]
[PlyCount "79"]
[EventDate "2013.08.10"]
[EventType "swiss"]
[EventRounds "9"]
[EventCountry "CZE"]
[SourceTitle "EXT 2014"]
[Source "ChessBase"]
[SourceDate "2013.11.20"]
[SourceVersion "1"]
[SourceVersionDate "2013.11.20"]
[SourceQuality "1"]

1. d4 Nf6 2. Bf4 g6 3. e3 Bg7 4. Nf3 0-0 5. Be2 d6 6. 0-0 c5 7. c3 a6 8. Nbd2 b5 9. h3 Bb7 10. Qc2 Nbd7 11. Bh2 Rc8 12. Rfe1 Re8 13. Rad1 Qa5 14. Qb1 e5 15. dxe5 dxe5 16. e4 c4 17. Qc2 Qb6 18. Bf1 Rcd8 19. b4 Nh5 20. a4 Nf4 21. g3 Nh5 22. Bg2 Ndf6 23. a5 Qe6 24. Re2 Rd7 25. g4 Nf4 26. Bxf4 exf4 27. Nd4 Qe7 28. Rde1 Rxd4 29. cxd4 Qxb4 30. g5 Nd7 31. e5 Bxg2 32. Kxg2 c3 33. Nb3 Qc4 34. Re4 Qd5 35. f3 b4 36. Rb1 h6 37. h4 hxg5 38. hxg5 Bf8 39. Rxf4 Be7 40. Rg4 1-0

[Event "Jirasek Memorial op 25th"]
[Site "Rakovnik"]
[Date "2013.08.13"]
[Round "5"]
[White "Slanec, Jan"]
[Black "Sibl, Vaclav"]
[Result "1/2-1/2"]
[WhiteElo "1965"]
[BlackElo "1948"]
[PlyCount "25"]
[EventDate "2013.08.10"]
[EventType "swiss"]
[EventRounds "9"]
[EventCountry "CZE"]
[SourceTitle "EXT 2014"]
[Source "ChessBase"]
[SourceDate "2013.11.20"]
[SourceVersion "1"]
[SourceVersionDate "2013.11.20"]
[SourceQuality "1"]

1. e4 d6 2. d4 Nf6 3. Nc3 e5 4. dxe5 dxe5 5. Qxd8+ Kxd8 6. Bc4 Be6 7. Bxe6 fxe6 8. Bg5 Bd6 9. 0-0-0 Ke7 10. Nge2 h6 11. Bh4 a6 12. Rhf1 Nbd7 13. Bg3 1/2-1/2

[Event "Jirasek Memorial op 24th"]
[Site "Rakovnik"]
[Date "2012.08.11"]
[Round "9"]
[White "Sibl, Vaclav"]
[Black "Lavrincik, Pavel"]
[Result "1-0"]
[WhiteElo "1961"]
[BlackElo "1898"]
[PlyCount "57"]
[EventDate "2012.08.04"]
[EventType "swiss"]
[EventRounds "9"]
[EventCountry "CZE"]
[SourceTitle "CBM 149 Extra"]
[Source "ChessBase"]
[SourceDate "2012.08.24"]
[SourceVersion "1"]
[SourceVersionDate "2012.08.24"]
[SourceQuality "1"]

1. d4 d6 2. Bf4 Nf6 3. e3 g6 4. Nf3 Bg7 5. Be2 0-0 6. 0-0 Bg4 7. h3 Bxf3 8. Bxf3 c6 9. c4 Nbd7 10. Nc3 e5 11. Bh2 Ne8 12. Qd2 f5 13. Rad1 Qf6 14. b4 f4 15. Bg4 Nb6 16. c5 Nc4 17. Qe2 d5 18. Ne4 Qd8 19. exf4 exd4 20. Ng5 Nc7 21. Qc2 d3 22. Rxd3 Qf6 23. Rdd1 h6 24. Ne4 Qb2 25. Qd3 Kh7 26. Nd6 Qxb4 27. Rc1 Qxc5 28. f5 gxf5 29. Bxf5+ 1-0

[Event "Jirasek Memorial op 24th"]
[Site "Rakovnik"]
[Date "2012.08.10"]
[Round "8"]
[White "Novak, Jindrich"]
[Black "Sibl, Vaclav"]
[Result "1-0"]
[WhiteElo "2041"]
[BlackElo "1961"]
[PlyCount "153"]
[EventDate "2012.08.04"]
[EventType "swiss"]
[EventRounds "9"]
[EventCountry "CZE"]
[SourceTitle "CBM 149 Extra"]
[Source "ChessBase"]
[SourceDate "2012.08.24"]
[SourceVersion "1"]
[SourceVersionDate "2012.08.24"]
[SourceQuality "1"]

1. e4 d6 2. Nc3 Nf6 3. Bc4 e5 4. Nf3 Be7 5. d4 Nbd7 6. dxe5 dxe5 7. 0-0 0-0 8. a3 c6 9. Bg5 Qc7 10. Qe2 b5 11. Bb3 Nc5 12. Ba2 Be6 13. Rad1 Bxa2 14. Nxa2 Rad8 15. Nc3 Ne6 16. Be3 a5 17. Ng5 Nd4 18. Bxd4 exd4 19. Nb1 Qf4 20. Qd2 Qxd2 21. Nxd2 h6 22. Ngf3 a4 23. Ne5 Rc8 24. f3 c5 25. Nb1 c4 26. c3 d3 27. Nd2 Bd6 28. Ng4 Nxg4 29. fxg4 Rfe8 30. g3 Re5 31. Kg2 Be7 32. h4 Rc6 33. Rf3 f6 34. Rf5 Rce6 35. Rdf1 g6 36. R5f3 Rc6 37. Rh1 Kg7 38. h5 Rg5 39. Rh4 Re5 40. hxg6 Kxg6 41. Rf5 Rcc5 42. Rh1 Rxf5 43. gxf5+ Kg7 44. Nf3 Bd6 45. Nd4 Kh7 46. Kf3 Be5 47. Ne6 Rc8 48. g4 Rc6 49. Nf8+ Kg7 50. Ng6 Bd6 51. Rd1 Rc8 52. Nh4 Rh8 53. Rg1 Bc5 54. Rg2 Rd8 55. Rd2 Bd6 56. Rd1 Be5 57. Ng2 Rh8 58. Rh1 Rd8 59. Ne3 Rh8 60. Nd5 Rc8 61. Ke3 Bb8 62. Nf4 Be5 63. Ne6+ Kh7 64. g5 fxg5 65. Nxg5+ Kg7 66. Nf3 Bf6 67. Rg1+ Kf7 68. e5 Re8 69. Kf4 Be7 70. e6+ Kf8 71. Ke5 Rd8 72. f6 Bd6+ 73. Kf5 Rc8 74. Ne5 Rc5 75. e7+ Bxe7 76. Ke6 Ke8 77. fxe7 1-0

[Event "Jirasek Memorial op 24th"]
[Site "Rakovnik"]
[Date "2012.08.08"]
[Round "6"]
[White "Misicko, Jan"]
[Black "Sibl, Vaclav"]
[Result "1-0"]
[WhiteElo "2045"]
[BlackElo "1961"]
[PlyCount "65"]
[EventDate "2012.08.04"]
[EventType "swiss"]
[EventRounds "9"]
[EventCountry "CZE"]
[SourceTitle "CBM 149 Extra"]
[Source "ChessBase"]
[SourceDate "2012.08.24"]
[SourceVersion "1"]
[SourceVersionDate "2012.08.24"]
[SourceQuality "1"]

1. c4 e5 2. g3 Nc6 3. Bg2 d6 4. e4 g6 5. Ne2 Bg7 6. 0-0 Nf6 7. h3 0-0 8. Nbc3 Be6 9. d3 Ne8 10. Rb1 f5 11. Nd5 Qd7 12. Kh2 h6 13. f4 Kh7 14. b4 Rb8 15. b5 Nd8 16. Be3 b6 17. exf5 gxf5 18. Qa4 a5 19. fxe5 dxe5 20. d4 Nf6 21. dxe5 Nxd5 22. cxd5 Bg8 23. e6 Qe7 24. Nd4 Bxd4 25. Bxd4 Nb7 26. Bb2 Nd6 27. Rf4 Rbe8 28. Rc1 Rc8 29. Rh4 Qg5 30. Qd4 Ne8 31. Qh8+ Kg6 32. e7 Qxe7 33. Qxh6+ 1-0

[Event "Jirasek Memorial op 23rd"]
[Site "Rakovnik"]
[Date "2011.08.12"]
[Round "8"]
[White "Sibl, Vaclav"]
[Black "Kovar, Jan1111"]
[Result "0-1"]
[WhiteElo "1975"]
[BlackElo "2002"]
[PlyCount "78"]
[EventDate "2011.08.06"]
[EventType "swiss"]
[EventRounds "9"]
[EventCountry "CZE"]
[SourceTitle "CBM 143 Extra"]
[Source "ChessBase"]
[SourceDate "2011.08.29"]
[SourceVersion "1"]
[SourceVersionDate "2011.08.29"]
[SourceQuality "1"]

1. d4 Nf6 2. Bf4 g6 3. e3 Bg7 4. Nf3 d5 5. Nbd2 0-0 6. c3 Nbd7 7. Be2 c6 8. h3 Re8 9. Ne5 Nxe5 10. Bxe5 Nd7 11. Bxg7 Kxg7 12. Nf3 f6 13. 0-0 e5 14. c4 e4 15. Nd2 Nb6 16. Re1 f5 17. Bf1 Qg5 18. Kh2 f4 19. c5 fxe3 20. fxe3 Nd7 21. Qb3 Rf8 22. Re2 h5 23. g3 Nf6 24. Rg2 Rf7 25. Be2 Qf5 26. g4 hxg4 27. hxg4 Qg5 28. Rf1 Be6 29. Kg1 Rh8 30. Rf4 Rh3 31. Nf1 Qh4 32. Nh2 g5 33. Rff2 Kg6 34. Qc3 Rh7 35. Qd2 Rg3 36. Kf1 Nxg4 37. Bxg4 Bxg4 38. Rxg3 Qxg3 39. Ke1 Rxh2 0-1

[Event "Rychnov op"]
[Site "Rychnov nad Kneznou"]
[Date "2010.08.27"]
[Round "5"]
[White "Urban, Zdenek"]
[Black "Sibl, Vaclav"]
[Result "1/2-1/2"]
[WhiteElo "2196"]
[BlackElo "1976"]
[PlyCount "81"]
[EventDate "2010.08.23"]
[EventType "swiss"]
[EventRounds "7"]
[EventCountry "CZE"]
[SourceTitle "CBM 138 Extra"]
[Source "ChessBase"]
[SourceDate "2010.10.29"]
[SourceVersion "1"]
[SourceVersionDate "2010.10.29"]
[SourceQuality "1"]

1. e4 d6 2. d4 Nf6 3. Nc3 e5 4. dxe5 dxe5 5. Qxd8+ Kxd8 6. Bc4 Be6 7. Bxe6 fxe6 8. Bg5 h6 9. Bh4 Bd6 10. 0-0-0 g5 11. Bg3 Ke7 12. f3 a6 13. Nge2 Nbd7 14. Kb1 b5 15. Nc1 Rhb8 16. h4 g4 17. fxg4 Nxg4 18. h5 Rg8 19. Bh4+ Ke8 20. Rh3 Be7 21. Nd3 Bxh4 22. Rxh4 Ne3 23. Rg1 Ke7 24. g4 Raf8 25. Rh3 Rxg4 26. Rgg3 Rxg3 27. Rxg3 Rf1+ 28. Nc1 Nc4 29. b3 Nd6 30. Rg7+ Nf7 31. Kb2 Rh1 32. Nd3 c5 33. b4 cxb4 34. Nxb4 Kf8 35. Rg6 Nc5 36. Nd3 Nxd3+ 37. cxd3 Ke7 38. Rg8 Nd8 39. Rg7+ Nf7 40. Rg8 Nd8 41. Rg7+ 1/2-1/2

[Event "Jirasek Memorial op-A"]
[Site "Rakovnik"]
[Date "2009.08.08"]
[Round "1"]
[White "Gutman, Petr"]
[Black "Sibl, Vaclav"]
[Result "1-0"]
[WhiteElo "2125"]
[BlackElo "1966"]
[PlyCount "59"]
[EventDate "2009.08.08"]
[EventType "swiss"]
[EventRounds "9"]
[EventCountry "CZE"]
[SourceTitle "EXT 2010"]
[Source "ChessBase"]
[SourceDate "2010.11.25"]
[SourceVersion "1"]
[SourceVersionDate "2010.11.25"]
[SourceQuality "1"]

1. c4 e5 2. Nc3 Bb4 3. g3 Bxc3 4. dxc3 d6 5. Bg2 Nf6 6. Nf3 0-0 7. 0-0 Nc6 8. Ne1 Bd7 9. Nc2 Rb8 10. e4 h6 11. Ne3 b6 12. Nd5 Nxd5 13. cxd5 Ne7 14. Be3 Ng6 15. Qd2 Bb5 16. Rfd1 Qc8 17. Rac1 Qg4 18. c4 Bd7 19. b4 Rfc8 20. f3 Qh5 21. c5 Ba4 22. Re1 f5 23. cxd6 cxd6 24. b5 Bxb5 25. Qb4 Be8 26. Qxd6 f4 27. Rxc8 Rxc8 28. Qe6+ Kf8 29. Qxc8 fxe3 30. d6 1-0